Praderas de secano
Salvato in:
| Autore principale: | |
|---|---|
| Natura: | Libro |
| Lingua: | spagnolo |
| Pubblicazione: |
Zaragoza
Estación Experimental de aula DEI del Consejo Superior de Investigaciones Científicas
1964
|
| Serie: | Cuadernos, 2
|
| Soggetti: | |
| Tags: |
Aggiungi Tag
Nessun Tag, puoi essere il primo ad aggiungerne!!
|
MARC
| LEADER | 00000nam a2200000 a 4500 | ||
|---|---|---|---|
| 001 | UCQ3386 | ||
| 003 | CL-VaPUC | ||
| 008 | 980821e19640000SP |||||||||||||||||spa|d | ||
| 082 | 0 | 4 | |a 633.2 |b HYC |2 21 |
| 100 | 0 | |a Hycka Maruniak, Miguel |e author |9 417481 | |
| 245 | 1 | 0 | |a Praderas de secano |
| 300 | |a 40 p | ||
| 942 | |c BK | ||
| 945 | |d 19980821 00:00:00 |a aarredon | ||
| 260 | |a Zaragoza |b Estación Experimental de aula DEI del Consejo Superior de Investigaciones Científicas |c 1964 | ||
| 650 | 7 | |a PRADERAS |2 CL-VaPUC |9 264231 | |
| 650 | 7 | |a SECANO |2 CL-VaPUC |9 396208 | |
| 650 | 0 | |a Vacunos |9 395942 | |
| 650 | 0 | |a Agricultura de praderas |9 264230 | |
| 650 | 7 | |a PASTOS |2 CL-VaPUC |9 264233 | |
| 650 | 7 | |a SUELO |2 CL-VaPUC |9 348469 | |
| 583 | |a last modification |c 19980821 00:00:00 |k Rodrigo Vera | ||
| 490 | 0 | |a Cuadernos, 2 | |
| 999 | |c 273972 |d 273970 | ||